| 000 | 00967nam a2200289Ia 4500 | ||
|---|---|---|---|
| 003 | OSt | ||
| 005 | 20221005092007.0 | ||
| 006 | a|||||r|||| 00| 0 | ||
| 007 | ta | ||
| 008 | 221004b |||||||| |||| 00| 0 eng d | ||
| 020 |
_a1841690651 _c1954.71 |
||
| 024 | _a83982 | ||
| 037 |
_b9822, 30/03/2006, Selectbook Service Syndicate _cTextual |
||
| 040 |
_aCRL _cCRL _beng |
||
| 041 |
_2eng _aeng |
||
| 082 | _aS:4, P4 | ||
| 100 |
_aBalota David A. Ed. _9147172 |
||
| 245 | 0 |
_aCognitive psychology _b Key readings edited by David A. Balota and Elizabeth J. Marsh |
|
| 260 |
_aNew York _bPsychology Press U. S. A. _c2004 |
||
| 300 |
_a766p. _ccm. |
||
| 490 | _aKey readings in cognition | ||
| 650 | _a PSYCHOLOGY | ||
| 650 | _aTHEORY OF KNOWLEDGE | ||
| 700 |
_a Marsh Elizabeth J. Ed. _9147173 |
||
| 942 |
_hS:4, P4 _cTEXL _2cc |
||
| 999 |
_c998110 _d998110 |
||